Textbook Of Economic Botany/ (Record no. 166970)
[ view plain ]
| 000 -LEADER | |
|---|---|
| fixed length control field | 00624nam a22001937a 4500 |
| 010 ## - LCCN (DPL NO) | |
| LC control number | ENG-126194 |
| 020 ## - INTERNATIONAL STANDARD BOOK NUMBER | |
| International Standard Book Number | 978-93-8472-688-1 |
| Terms of availability | 1495.00 |
| 035 ## - SYSTEM CONTROL NUMBER | |
| System control number | EN-109726 |
| 037 ## - SOURCE OF ACQUISITION | |
| Source of stock number/acquisition | DBAD/PUB |
| 082 ## - DEWEY DECIMAL CLASSIFICATION NUMBER | |
| Classification number | 581.6105 |
| 100 ## - MAIN ENTRY--PERSONAL NAME | |
| Personal name | Verma,V. |
| 245 ## - TITLE STATEMENT | |
| Title | Textbook Of Economic Botany/ |
| Statement of responsibility, etc | by V. Verma |
| 260 ## - PUBLICATION, DISTRIBUTION, ETC. (IMPRINT) | |
| Place of publication, distribution, etc | New Delhi |
| Name of publisher, distributor, etc | Ane Books Pvt.Ltd. |
| Date of publication, distribution, etc | 2017 |
| 270 ## - ADDRESS | |
| Address | 4821,Parwana Bhawan 1st Floor 24 Ansari Road, Darya Ganj |
| City | New Delhi |
| Postal code | 110002 |
| Telephone number | +91(011)23276843,2814209 |
| Electronic mail address | anebookschennai.com |
| 300 ## - PHYSICAL DESCRIPTION | |
| Extent | vi335p. |
| Other physical details | 24cm(hb) |
| 500 ## - GENERAL NOTE | |
| General note | its include index |
| 760 ## - MAIN SERIES ENTRY | |
| Edition | 2 |
| 942 ## - ADDED ENTRY ELEMENTS (KOHA) | |
| Source of classification or shelving scheme | Dewey Decimal Classification |
| Item type | English Books |
| Classification part | 581.6105 |
| Call number suffix | VER |
| Withdrawn status | Lost status | Not for loan | Collection code | Home library | Current library | Date acquired | Source of acquisition | Cost, normal purchase price | Full call number | Barcode | Copy number | Cost, replacement price | Koha item type |
|---|---|---|---|---|---|---|---|---|---|---|---|---|---|
| Non-fiction | Andrews Gunj | Andrews Gunj | 19/08/2019 | DBAD/PUB | 1495.00 | 581.6105 VER | EN-109726 | 1 | 1495.00 | English Books |
